000 00500nam a2200181Ia 4500
999 _c9065
_d9065
003 OSt
005 20201012111838.0
008 190216s9999||||xx |||||||||||||| ||und||
020 _a9788126144297
040 _coclc
082 _a070.4
_bKUM/O
100 _aKumar, Arvind
_95574
245 0 _aOnline News /
_cArvind Kumar
260 _bAnmol Publications,
_c2011.
_aNew Delhi:
300 _a288p
650 _aComputer Science
942 _cBK
_2ddc
_h070.4
_iKUM/O
_k070.4
_mKUM/O